000 00350nam a22001457a 4500
003 OSt
008 220521b ||||| |||| 00| 0 eng d
020 _a978-1-5445-1421-5
082 _a355.05 JOA
100 _aJORGENSON,Eric
245 _aThe Almanack Of Naval Ravikant
260 _aNew Delhi
_bMagrathea
_c2020
300 _a241
942 _2ddc
_cBK
999 _c11263
_d11263